000 00321nam a22001457a 4500
008 210322b ||||| |||| 00| 0 eng d
020 _a9780815140818
041 _aeng
080 _a616
082 _a616
100 _a9
101 _aPAT
245 _aUnderstanding Pathophysiology
_cHuether, S. E
942 _2udc
_cBK
999 _c56643
_d56643